00437nam a2200157Ia 4500003000900000008004100009040001600050080001300066100002400079245006800103260003000171300001400201650001900215650002900234650001600263IN-BaIIA211028s9999 xx 000 0 eng d cIIA Library a770bMEE aMees, Kenneth C. E. 4aThe theory of the photographic processcC. E. Kenneth Mees  aNew YorkbMacmillanc1945 ax, 1124p. aNASA Thesaurus aPhotographic sensitivity aPhotography